Marine geophysics

Tallennettuna:
Bibliografiset tiedot
Päätekijä: Jones, E. J. W (Tekijä)
Aineistotyyppi: Kirja
Kieli:englanti
Julkaistu: Chichester John Wiley 1999
Painos:1a. ed
Aiheet:
Tagit: Lisää tagi
Ei tageja, Lisää ensimmäinen tagi!

MARC

LEADER 00000cam a2200000 a 4500
001 UCO5326
003 CL-VaPUC
008 000901e19990000UK |||||||||||||||||eng|d
020 |a 0471986941 
082 0 4 |a 551.46084  |b JON  |2 21 
100 0 |a Jones, E. J. W  |e author  |9 450115 
245 1 0 |a Marine geophysics 
250 |a 1a. ed 
300 |a 466 p 
942 |c BK 
945 |d 20000901 00:00:00  |a vberengu 
260 |a Chichester  |b John Wiley  |c 1999 
650 0 |a Geofísica marina   |9 261756 
650 0 |a Oceanografía física  |9 339696 
583 |a last modification  |c 20120827 11:37:57  |k Rodrigo Vera 
999 |c 291225  |d 291223 
952 |0 0  |1 0  |2 ddc  |4 0  |6 551_460840000000000_JON_1999  |7 0  |8 A  |9 341012  |a BIBCUR  |b BIBCUR  |d 2019-11-20  |i 3636224  |o 551.46084 JON 1999  |p 3636224  |r 2025-04-22  |w 2019-11-20  |y BK  |k RNT 
952 |0 0  |1 0  |2 ddc  |4 0  |6 551_460840000000000_JON_1999  |7 0  |8 A  |9 341013  |a BIBCUR  |b BIBCUR  |d 2019-11-20  |i 4896971  |o 551.46084 JON 1999  |p 4896971  |r 2025-04-22  |w 2019-11-20  |y BK  |k CIM 
952 |0 0  |1 0  |2 ddc  |4 0  |6 551_460840000000000_JON_1999  |7 0  |8 A  |9 341014  |a BIBCUR  |b BIBCUR  |d 2019-11-20  |i 489698K  |o 551.46084 JON 1999  |p 489698K  |r 2025-04-22  |w 2019-11-20  |y BK  |k CIM